Structures / (Record no. 541476)
[ view plain ]
| 000 -LEADER | |
|---|---|
| fixed length control field | 01144pam a22002054a 4500 |
| 020 ## - INTERNATIONAL STANDARD BOOK NUMBER | |
| International Standard Book Number | 0130488798 (alk. paper) |
| 082 00 - DEWEY DECIMAL CLASSIFICATION NUMBER | |
| Classification number | 624.1773 |
| Author Mark | SCH |
| -- | Donation |
| 100 1# - MAIN ENTRY--PERSONAL NAME | |
| Personal name | Schodek, Daniel L., |
| 9 (RLIN) | 1389 |
| 245 10 - TITLE STATEMENT | |
| Title | Structures / |
| Statement of responsibility, etc. | Daniel L. Schodek. |
| 250 ## - EDITION STATEMENT | |
| Edition statement | 4th ed. |
| 260 ## - PUBLICATION, DISTRIBUTION, ETC. | |
| Place of publication, distribution, etc. | Upper Saddle River, N.J. : |
| Name of publisher, distributor, etc. | Pearson/Prentice Hall, |
| Date of publication, distribution, etc. | c2001. |
| 300 ## - PHYSICAL DESCRIPTION | |
| Extent | xvi, 581 p. : |
| Other physical details | ill. ; |
| Dimensions | 25 cm. + |
| 500 ## - GENERAL NOTE | |
| General note | Includes index. |
| 520 1# - SUMMARY, ETC. | |
| Summary, etc. | "This text contains coverage of all the major topics of structural analysis in both a qualitative and quantitative manner. It is a useful resource for architects, constructors, and engineers, and is a great teaching tool for many courses at the graduate and undergraduate levels. This presentation of physical principles founded in the field of mechanics can be used by designers and builders as an aid to understanding the behavior of existing structural forms and in devising new approaches."--BOOK JACKET. |
| 526 ## - STUDY PROGRAM INFORMATION NOTE | |
| Program name | 0 |
| Interest level | 0 |
| Reading level | 0 |
| Title point value | 624_177300000000000_SCH |
| 526 ## - STUDY PROGRAM INFORMATION NOTE | |
| Program name | 0 |
| Interest level | 0 |
| Reading level | 0 |
| Title point value | 624_177300000000000_SCH |
| 650 #0 - SUBJECT ADDED ENTRY--TOPICAL TERM | |
| Topical term or geographic name entry element | Structural analysis (Engineering) |
| 9 (RLIN) | 654 |
| 650 #0 - SUBJECT ADDED ENTRY--TOPICAL TERM | |
| Topical term or geographic name entry element | Structural design. |
| 942 ## - ADDED ENTRY ELEMENTS (KOHA) | |
| Source of classification or shelving scheme | |
| Koha item type | Book |
| Withdrawn status | Lost status | Source of classification or shelving scheme | Damaged status | Not for loan | Permanent Location | Current Location | Date acquired | Total Checkouts | Full call number | Barcode | Date last seen | Copy number | Price effective from | Koha item type | Shelving location |
|---|---|---|---|---|---|---|---|---|---|---|---|---|---|---|---|
| Military College of Engineering (MCE) | Military College of Engineering (MCE) | 07/30/2013 | 624.1773 SCH | MCE-46272 | 07/30/2013 | 01 | 07/30/2013 | Book | |||||||
| Military College of Engineering (MCE) | Military College of Engineering (MCE) | 11/26/2014 | 624.1773 SCH | 11/26/2014 | 11/26/2014 | Book | Reference |
